000 00824nam a2200253 i 4500
001 7946
003 ES-MaACL
005 20230906145339.0
007 t|
008 910613s1990 fr ||||1| fre d
020 _a2-7178-1891-X
080 _a341.232.3(4)
080 _a330.191.6(4)
100 1 _aLafay, Gerard.
_969470
245 1 2 _aL'Integration europeenne
_b: bilan et perspectives /
_cGerard Lafay, Deniz Unal-Kesenci.
260 _aParis :
_bEconomica,
_cD.L. 1990.
300 _a121 p. ;
_c22 cm.
490 1 _aBibliothèque d'économie internationale ;
_v11
610 2 7 _aComunidad Económica Europea.
_93130
700 1 _aUnal-Kesenci, Deniz.
_9111979
830 0 _aBibliothèque d'économie internationale ;
_v11
_9227940
852 _aES-MaACL
_jL-15274
_bR.119038
_z. - rust.
999 _c7946
_d7946